[Event "PRO League Group Stage"]
[Site "chess.com INT"]
[Date "2020.01.08"]
[Round "1"]
[White "Praggnanandhaa, R"]
[Black "Le, Tuan Minh"]
[Result "1-0"]
[WhiteTitle "GM"]
[BlackTitle "IM"]
[WhiteElo "2602"]
[BlackElo "2501"]
[WhiteTeam "India Yogis"]
[BlackTeam "Croatia Bulldogs"]
[WhiteFideId "25059530"]
[BlackFideId "12401153"]
[EventDate "2020.01.06"]

1. Nf3 d5 2. g3 Nf6 3. Bg2 c6 4. O-O Bg4 5. d3 Nbd7 6. h3 Bh5 7. Qe1 e5 8. e4
dxe4 9. dxe4 Bc5 10. a4 O-O 11. Nbd2 Re8 12. Nc4 Qc7 13. Nh4 Bg6 14. Bd2 b5 15.
Na5 a6 16. Nxg6 hxg6 17. Qe2 Nb6 18. axb5 axb5 19. b4 Bf8 20. c4 bxc4 21. Nxc4
Red8 22. Na5 Qd7 23. Be3 Nc8 24. Rac1 Ne7 25. Nc4 Qe6 26. Qb2 Nd7 27. Rfd1 Rab8
28. Rd6 Qxd6 29. Nxd6 Nc8 30. Nxc8 Rdxc8 31. b5 cxb5 32. Rxc8 Rxc8 33. Qxb5 Nc5
34. h4 1-0

[Event "PRO League Group Stage"]
[Site "chess.com INT"]
[Date "2020.01.08"]
[Round "1"]
[White "Aravindh, Chithambaram VR."]
[Black "Livaic, Leon"]
[Result "1-0"]
[WhiteTitle "GM"]
[BlackTitle "IM"]
[WhiteElo "2630"]
[BlackElo "2495"]
[WhiteTeam "India Yogis"]
[BlackTeam "Croatia Bulldogs"]
[WhiteFideId "5072786"]
[BlackFideId "14531534"]
[EventDate "2020.01.06"]

1. Nf3 Nf6 2. b3 b6 3. g3 Bb7 4. Bg2 g6 5. Bb2 Bg7 6. O-O O-O 7. c4 c5 8. d4
cxd4 9. Qxd4 d6 10. Nc3 Ne4 11. Qd3 Nxc3 12. Bxc3 Bxc3 13. Qxc3 Nd7 14. Rfd1 Nf6
15. Ne1 Bxg2 16. Nxg2 Qc7 17. Rac1 Rac8 18. Nf4 Qb7 19. Nd5 Nxd5 20. Rxd5 Rc5
21. e4 Rfc8 22. a4 a6 23. Rcd1 b5 24. axb5 axb5 25. Qb4 Qc7 26. cxb5 Rb8 27. Qa4
Qb6 28. Rxc5 dxc5 29. Qc4 Kg7 30. Rd7 Qxb5 31. Qc3+ Kg8 32. Rxe7 Rd8 33. Qf3 Rf8
34. e5 c4 35. Rb7 Qc5 36. bxc4 Qxc4 37. Kg2 Rd8 38. Ra7 h5 39. h4 Qd5 40. Qxd5
Rxd5 41. f4 Rd3 42. Kf2 Rb3 43. Rd7 Kf8 44. Rc7 Rb2+ 45. Kf3 Rb3+ 46. Kg2 Rb2+
47. Kh3 Kg8 48. Rd7 Kf8 49. Rd3 Ke7 50. Ra3 Ke6 51. g4 hxg4+ 52. Kxg4 Rg2+ 53.
Kf3 Rb2 54. Ra6+ Ke7 55. Kg3 Rb1 56. Ra2 Rg1+ 57. Rg2 Rb1 58. Rh2 Rg1+ 59. Kf2
Rb1 60. Kf3 Rf1+ 61. Ke3 Re1+ 62. Kf2 Rb1 63. Kg3 Rg1+ 64. Rg2 Rb1 65. Kg4 Rh1
66. Kg5 Ke6 67. Rg3 Rh2 68. Rg1 Rh3 69. Kg4 Rh2 70. Rb1 Rg2+ 71. Kf3 Ra2 72.
Rb6+ Ke7 73. Rb8 Ra1 74. Rh8 Rh1 75. Kg2 Ra1 76. h5 gxh5 77. Rxh5 Ra3 78. Rh6
Rb3 79. Kf2 Ra3 80. Ke2 Rb3 81. Rd6 Ra3 82. Rc6 Rb3 83. Ra6 Rh3 84. Rd6 Ra3 85.
Rd3 Ra1 86. Rb3 Rh1 87. Rb7+ Ke6 88. Rb6+ Ke7 89. Kf3 Rf1+ 90. Ke4 Rh1 91. Rb7+
Ke8 92. Kf5 Rh6 93. Ra7 Rb6 94. Rc7 Kf8 95. Kg5 Rg6+ 96. Kf5 Rb6 97. Rd7 Ke8 98.
Rd6 Rb4 99. Kg5 Ke7 100. Ra6 Rc4 101. f5 Rc1 102. Ra7+ Ke8 103. Kf6 1-0

[Event "PRO League Group Stage"]
[Site "chess.com INT"]
[Date "2020.01.08"]
[Round "1"]
[White "Plenca, Jadranko"]
[Black "Sethuraman, S.P."]
[Result "1-0"]
[WhiteTitle "IM"]
[BlackTitle "GM"]
[WhiteElo "2463"]
[BlackElo "2638"]
[WhiteTeam "Croatia Bulldogs"]
[BlackTeam "India Yogis"]
[WhiteFideId "14527146"]
[BlackFideId "5021596"]
[EventDate "2020.01.06"]

1. e4 c5 2. Nf3 Nc6 3. Bb5 g6 4. O-O Bg7 5. Re1 e5 6. b4 Nxb4 7. Bb2 Qc7 8. c3
Nc6 9. d4 a6 10. Bxc6 dxc6 11. Nxe5 Ne7 12. Nd2 O-O 13. Nef3 cxd4 14. cxd4 Rd8
15. Qc2 Be6 16. a4 Rac8 17. a5 h6 18. Nc4 Bxc4 19. Qxc4 c5 20. Ne5 Bxe5 21. dxe5
Qd7 22. e6 Qxe6 23. Qc3 Rd4 24. Rac1 f6 25. Qe3 Rb4 26. Bc3 Rb3 27. Qxh6 Qf7 28.
Re3 c4 29. Rf3 Rc6 30. e5 Nf5 31. Qf4 b5 32. exf6 b4 33. Qb8+ Kh7 34. Rh3+ Nh6
35. Qf4 g5 36. Qxg5 Qg6 37. Rxh6+ Qxh6 38. Qf5+ Qg6 39. Qd7+ Kh6 40. Bd2+ Kh5
41. Qd5+ 1-0

[Event "PRO League Group Stage"]
[Site "chess.com INT"]
[Date "2020.01.08"]
[Round "1"]
[White "Tica, Sven"]
[Black "Adhiban, Baskaran"]
[Result "0-1"]
[WhiteTitle "IM"]
[BlackTitle "GM"]
[WhiteElo "2398"]
[BlackElo "2654"]
[WhiteTeam "Croatia Bulldogs"]
[BlackTeam "India Yogis"]
[WhiteFideId "14526948"]
[BlackFideId "5018471"]
[EventDate "2020.01.06"]

1. d4 d5 2. c4 Nc6 3. Nc3 Nf6 4. Nf3 e6 5. a3 Be7 6. e3 O-O 7. Bd3 dxc4 8. Bxc4
a6 9. O-O b5 10. Bd3 Bb7 11. b4 Bd6 12. Bb2 e5 13. Ne4 exd4 14. Nxd6 Qxd6 15.
Nxd4 Ne5 16. Be2 Rad8 17. Nf3 Qe6 18. Bd4 Nxf3+ 19. Bxf3 Bxf3 20. Qxf3 Ne4 21.
Rfd1 f6 22. Rac1 Rd7 23. Qe2 Rfd8 24. f3 Ng5 25. Bc5 h5 26. Rxd7 Rxd7 27. Rd1
Rd5 28. Kf2 Rxd1 29. Qxd1 Qa2+ 30. Kf1 Qxa3 31. Qd5+ Nf7 32. Qxh5 Qc1+ 33. Kf2
Qc2+ 34. Kf1 Qc4+ 35. Kf2 a5 36. bxa5 Qa2+ 37. Kg3 Qxa5 38. Qd5 Qe1+ 39. Kh3 Qb1
40. Qe6 Qh7+ 41. Kg3 Qg6+ 42. Qg4 Qxg4+ 43. Kxg4 Ne5+ 44. Kf5 Nd3 45. Bd4 c5 46.
Ke4 Nf2+ 0-1

[Event "PRO League Group Stage"]
[Site "chess.com INT"]
[Date "2020.01.08"]
[Round "1"]
[White "Sargsyan, Shant"]
[Black "Navara, David"]
[Result "1-0"]
[WhiteTitle "GM"]
[BlackTitle "GM"]
[WhiteElo "2601"]
[BlackElo "2717"]
[WhiteTeam "Armenia Eagles"]
[BlackTeam "Hungary Hunters"]
[WhiteFideId "13306766"]
[BlackFideId "309095"]
[EventDate "2020.01.06"]

1. Nf3 d5 2. d4 Nf6 3. c4 c6 4. Nc3 e6 5. Bg5 Nbd7 6. cxd5 exd5 7. e3 Be7 8. Qc2
Nh5 9. Bxe7 Qxe7 10. g4 Nhf6 11. h3 Nb6 12. Bd3 Be6 13. O-O-O O-O-O 14. Kb1 Kb8
15. Ne5 Nfd7 16. f4 Nxe5 17. fxe5 f6 18. exf6 Qxf6 19. Qh2+ Ka8 20. Rhf1 Qe7 21.
Qe5 Nd7 22. Qg3 h5 23. Rf2 hxg4 24. hxg4 Qg5 25. Bf5 Bxf5+ 26. Rxf5 Qg6 27. Qf4
Nf6 28. Qg5 Rh6 29. Rf1 Re8 30. Qxg6 Rxg6 31. g5 Nh7 32. Re5 Rxe5 33. dxe5 Kb8
34. Rh1 Rxg5 35. Rxh7 Rxe5 36. Rxg7 Rxe3 37. Na4 Re1+ 38. Kc2 Re4 39. b3 Re2+
40. Kb1 Re1+ 41. Kc2 Re2+ 42. Kc1 Rxa2 43. Kb1 Re2 44. Nc5 b6 45. Na6+ Ka8 46.
Nb4 Re6 47. Rc7 c5 48. Nc6 Re1+ 49. Kb2 Re2+ 50. Ka3 1-0

[Event "PRO League Group Stage"]
[Site "chess.com INT"]
[Date "2020.01.08"]
[Round "1"]
[White "Petrosian, Tigran L."]
[Black "Gledura, Benjamin"]
[Result "0-1"]
[WhiteTitle "GM"]
[BlackTitle "GM"]
[WhiteElo "2601"]
[BlackElo "2626"]
[WhiteTeam "Armenia Eagles"]
[BlackTeam "Hungary Hunters"]
[WhiteFideId "13301616"]
[BlackFideId "712779"]
[EventDate "2020.01.06"]

1. Nf3 Nf6 2. d4 g6 3. Bg5 Bg7 4. Nbd2 d5 5. e3 O-O 6. Be2 Nbd7 7. O-O c5 8. c3
e6 9. a4 h6 10. Bf4 Nh5 11. Bd6 Re8 12. dxc5 Nhf6 13. b4 a5 14. Bb5 Nh7 15. Nd4
e5 16. N4b3 e4 17. Nd4 Be5 18. N2b3 axb4 19. cxb4 Ng5 20. Rc1 Qf6 21. Kh1 Rd8
22. f4 exf3 23. Nxf3 Bxd6 24. Nxg5 Qxg5 25. cxd6 Ne5 26. Qd4 Rxd6 27. Qf4 Qxf4
28. exf4 Nc6 29. Bxc6 bxc6 30. Nc5 d4 31. a5 d3 32. Rfd1 Bf5 33. Rd2 Rd4 34. Rb1
Rxf4 35. Kg1 h5 36. Rb3 Re8 37. Rb1 Rb8 38. Na6 Rb5 39. g3 Rc4 40. Kf2 Bc8 41.
Nc7 Rc2 42. Nxb5 Rxd2+ 43. Ke3 Rxh2 44. Nd6 Ba6 45. Ne4 Re2+ 46. Kd4 Kg7 0-1

[Event "PRO League Group Stage"]
[Site "chess.com INT"]
[Date "2020.01.08"]
[Round "1"]
[White "Prohaszka, Peter2"]
[Black "Martirosyan, Haik M."]
[Result "1-0"]
[WhiteTitle "GM"]
[BlackTitle "GM"]
[WhiteElo "2587"]
[BlackElo "2613"]
[WhiteTeam "Hungary Hunters"]
[BlackTeam "Armenia Eagles"]
[WhiteFideId "726265"]
[BlackFideId "13306553"]
[EventDate "2020.01.06"]

1. d4 Nf6 2. c4 e6 3. g3 c5 4. d5 exd5 5. cxd5 d6 6. Nc3 g6 7. Nf3 Bg7 8. Bg2
O-O 9. O-O Re8 10. Re1 a6 11. a4 Ne4 12. Nxe4 Rxe4 13. Qc2 Rb4 14. Nd2 a5 15.
Nc4 b5 16. axb5 Rxb5 17. Bf4 Bf8 18. e4 f6 19. Bf1 Rb4 20. Bd2 Bd7 21. Bxb4 cxb4
22. Qd2 Be8 23. Ra2 b3 24. Rxa5 Nd7 25. Rxa8 Qxa8 26. Qc3 Qb8 27. Re3 Nc5 28.
Qxf6 Bf7 29. e5 Nd7 30. Qf4 dxe5 31. Nxe5 Nxe5 32. Qxe5 Qxe5 33. Rxe5 Bg7 34.
Re4 Bxd5 35. Bc4 Bxc4 36. Rxc4 Bxb2 37. Rb4 Ba1 38. Rxb3 Kg7 39. Rb7+ Kg8 40.
Kg2 Bc3 41. f4 Ba1 42. h3 Bc3 43. Kf3 Ba1 44. g4 Bc3 45. Ke4 Ba1 46. Kd5 Bc3 47.
Ke6 Ba1 48. f5 1-0

[Event "PRO League Group Stage"]
[Site "chess.com INT"]
[Date "2020.01.08"]
[Round "1"]
[White "Antal, Gergely"]
[Black "Andriasian, Zaven"]
[Result "1/2-1/2"]
[WhiteTitle "GM"]
[BlackTitle "GM"]
[WhiteElo "2563"]
[BlackElo "2611"]
[WhiteTeam "Hungary Hunters"]
[BlackTeam "Armenia Eagles"]
[WhiteFideId "717312"]
[BlackFideId "13302000"]
[EventDate "2020.01.06"]

1. e4 e5 2. Nf3 Nc6 3. Bc4 Bc5 4. b4 Bb6 5. a4 a6 6. Nc3 Nf6 7. Nd5 Nxd5 8. exd5
Nd4 9. d6 Qf6 10. c3 Nxf3+ 11. Qxf3 Qxf3 12. gxf3 cxd6 13. Rg1 g6 14. Bd5 Rb8
15. d3 Ke7 16. Ke2 Bc7 17. a5 b5 18. axb6 Bxb6 19. Bg5+ f6 20. Be3 Kd8 21. Bc4
Bxe3 22. fxe3 Rb6 23. Ra5 d5 24. Bxd5 Kc7 25. Rga1 Bb7 26. Bc4 Ra8 27. e4 d6 28.
Ke3 g5 29. R1a2 h6 30. Ra1 Kb8 31. R1a2 Kc7 32. d4 Kb8 33. R2a3 Kc7 34. Bd3 Kb8
35. Be2 Bc8 36. b5 Ka7 37. bxa6 Bd7 38. Rd5 Rab8 39. dxe5 fxe5 40. Rd2 Be6 41.
Kf2 Rc6 42. Ra1 Rbb6 43. Rad1 Bb3 44. Rb1 Rxc3 45. Rbb2 Rcc6 46. Rb1 Be6 47.
Rxb6 Rxb6 48. Rc2 Kb8 49. Kg3 Bd7 50. h4 Rb1 51. hxg5 hxg5 52. Rd2 Rb6 53. Rc2
Rb3 54. Kf2 Rb6 55. Kg3 Rb3 56. Kf2 Rb6 57. Kg2 Rb3 58. Kf2 1/2-1/2

[Event "PRO League Group Stage"]
[Site "chess.com INT"]
[Date "2020.01.08"]
[Round "1"]
[White "Can, Emre"]
[Black "Postny, Evgeny"]
[Result "1-0"]
[WhiteTitle "GM"]
[BlackTitle "GM"]
[WhiteElo "2600"]
[BlackElo "2608"]
[WhiteTeam "Turkey Knights"]
[BlackTeam "Israel Counsellors"]
[WhiteFideId "6302181"]
[BlackFideId "2804344"]
[EventDate "2020.01.06"]

1. e4 e5 2. Nf3 Nc6 3. Bc4 Nf6 4. d3 Be7 5. O-O d6 6. a4 O-O 7. h3 Na5 8. Ba2 c5
9. c3 Nc6 10. Na3 a6 11. Re1 Rb8 12. Bg5 b5 13. axb5 axb5 14. Nc2 Nd7 15. Bxe7
Nxe7 16. d4 c4 17. Nb4 Bb7 18. b3 cxb3 19. Qxb3 Ng6 20. Rad1 Qe7 21. g3 Nf6 22.
Bb1 Rfc8 23. Bd3 h6 24. Ra1 Qc7 25. Rac1 exd4 26. Nxd4 Ne5 27. Bb1 Qd7 28. Kh2
Rc5 29. f4 Nc4 30. Qd1 Re8 31. Nd3 Rh5 32. Nf2 Rc5 33. Bd3 Nb2 34. Qd2 Nxd3 35.
Qxd3 Rec8 36. Rb1 Rxc3 37. Qxb5 Qxb5 38. Nxb5 Rc2 39. Kg1 Ba6 40. Nxd6 R8c3 41.
Nf5 Bc8 42. Ne3 Ra2 43. Rbc1 Rxc1 44. Rxc1 Bb7 45. e5 Nh5 46. Nf1 Ra3 47. Kh2
Ra2 48. Kg1 Ra3 49. Kh2 Ba6 50. Ne4 Bxf1 51. Rxf1 Re3 52. g4 Re2+ 53. Kg1 Rxe4
54. gxh5 Re2 55. Rf2 Re3 56. Kg2 Kh7 57. Rf3 Re1 58. Rb3 Re2+ 59. Kf3 Rh2 60.
Rb7 Kg8 61. Kg3 Rh1 62. Rb8+ Kh7 63. Rf8 Rg1+ 64. Kf2 Rh1 65. Kg2 Rb1 66. Rxf7
Kg8 67. Rd7 Rb3 68. Rd6 Kf7 69. Rg6 Re3 70. Rg3 Re4 71. Kf3 Re1 72. Rg6 Rh1 73.
Kg4 Rg1+ 74. Kf5 Rh1 75. Rg3 Ra1 76. Rd3 Rh1 77. Rd7+ Kg8 78. e6 Re1 79. Rd8+
Kh7 80. Rd5 Kg8 81. Re5 1-0

[Event "PRO League Group Stage"]
[Site "chess.com INT"]
[Date "2020.01.08"]
[Round "1"]
[White "Solak, Dragan"]
[Black "Fridman, Daniel"]
[Result "1/2-1/2"]
[WhiteTitle "GM"]
[BlackTitle "GM"]
[WhiteElo "2594"]
[BlackElo "2622"]
[WhiteTeam "Turkey Knights"]
[BlackTeam "Israel Counsellors"]
[WhiteFideId "916811"]
[BlackFideId "11600454"]
[EventDate "2020.01.06"]

1. e4 e5 2. Nf3 Nf6 3. Nxe5 d6 4. Nf3 Nxe4 5. c4 Nc6 6. d3 Nf6 7. d4 d5 8. c5 g6
9. Bb5 Bg7 10. O-O O-O 11. h3 Ne4 12. Nc3 Bf5 13. Re1 Nb4 14. Ba4 b6 15. g4 Bd7
16. Bb3 Be6 17. Nxe4 dxe4 18. Rxe4 Bd5 19. Bg5 f6 20. Bd2 Kh8 21. Re3 Nc6 22.
Bxd5 Qxd5 23. Qb3 Rad8 24. Qxd5 Rxd5 25. cxb6 cxb6 26. Bc3 f5 27. gxf5 Rdxf5 28.
Kg2 Kg8 29. Rae1 b5 30. a3 a5 31. d5 Rxd5 32. Bxg7 Kxg7 33. Rc1 Rd6 34. Rc5 b4
35. a4 Rdf6 36. Rd5 Kh6 37. b3 Ne7 38. Rxa5 Nf5 39. Rd3 g5 40. Rad5 Nh4+ 41.
Nxh4 Rxf2+ 42. Kg3 gxh4+ 43. Kxh4 Rg8 44. Rd6+ Rg6 45. Rxg6+ hxg6 46. Kg3 Rb2
47. Kf4 Kh5 48. Ke5 g5 49. Kd4 Rc2 50. a5 Kh4 51. a6 Ra2 52. Kc5 Rxa6 53. Kxb4
Ra8 54. Kc5 Rc8+ 55. Kb6 Rb8+ 56. Kc6 Kh5 57. Kc7 Rb4 58. Rc3 Kh4 59. Kd7 Rb7+
60. Kc6 Rb8 61. Kd5 Rb7 62. Kd4 Rb4+ 63. Kc5 Rb8 64. Re3 Rc8+ 65. Kd4 Rb8 66.
Kc3 Rc8+ 67. Kb2 Rb8 68. Rd3 Kh5 69. Rd4 Rf8 70. b4 Rf3 71. b5 Rxh3 72. b6 Re3
73. b7 Re8 74. Rd7 g4 75. Kc3 g3 76. Rg7 Rb8 77. Rxg3 Rxb7 78. Rd3 1/2-1/2

[Event "PRO League Group Stage"]
[Site "chess.com INT"]
[Date "2020.01.08"]
[Round "1"]
[White "Roiz, Michael"]
[Black "Yilmaz, Mustafa"]
[Result "1/2-1/2"]
[WhiteTitle "GM"]
[BlackTitle "GM"]
[WhiteElo "2598"]
[BlackElo "2607"]
[WhiteTeam "Israel Counsellors"]
[BlackTeam "Turkey Knights"]
[WhiteFideId "2804158"]
[BlackFideId "6302718"]
[EventDate "2020.01.06"]

1. d4 Nf6 2. Nf3 d5 3. c4 e6 4. g3 dxc4 5. Bg2 c5 6. O-O Nc6 7. Qa4 Bd7 8. Qxc4
b5 9. Qc3 b4 10. Qd3 Rc8 11. dxc5 Bxc5 12. Nbd2 O-O 13. Nb3 Bb6 14. Be3 e5 15.
Nfd2 Bg4 16. Qxd8 Rfxd8 17. Bxb6 axb6 18. Rfc1 Na5 19. Rxc8 Rxc8 20. Rc1 Rxc1+
21. Nxc1 Nd7 22. Kf1 Nc5 23. Bd5 Kf8 24. a3 bxa3 25. b4 Na4 26. bxa5 bxa5 27.
Na2 Ke7 28. Nc4 f6 29. Ke1 Nc5 30. f3 Bd7 31. Nxa3 a4 32. Kd2 Kd6 33. Nc3 Na6
34. Bc4 Nc7 35. Ne4+ Ke7 36. Kc3 f5 37. Nf2 g5 38. Kb4 h5 39. Nb1 f4 40. gxf4
exf4 41. h3 Kf6 42. Kc5 Ne8 43. Bd3 Ke5 44. Na3 Bf5 45. Nc4+ Ke6 46. Bxf5+ Kxf5
47. Kb4 Nc7 48. Nd6+ Ke5 49. Nde4 Ne6 50. Kc4 a3 51. Nd3+ Kf5 52. Nc3 g4 53.
hxg4+ hxg4 54. fxg4+ Kxg4 55. Ne5+ Kg3 56. Nf3 Kf2 57. Kb3 Ng7 58. Nd4 Nh5 59.
Kxa3 Ng3 60. Kb3 Ke3 61. Nc2+ Kd2 62. Nd4 Ke3 63. Ne6 Nxe2 64. Nxe2 Kxe2 65.
Nxf4+ 1/2-1/2

[Event "PRO League Group Stage"]
[Site "chess.com INT"]
[Date "2020.01.08"]
[Round "1"]
[White "Navara, David"]
[Black "Petrosian, Tigran L."]
[Result "1-0"]
[WhiteTitle "GM"]
[BlackTitle "GM"]
[WhiteElo "2717"]
[BlackElo "2601"]
[WhiteTeam "Hungary Hunters"]
[BlackTeam "Armenia Eagles"]
[WhiteFideId "309095"]
[BlackFideId "13301616"]
[EventDate "2020.01.06"]

1. e4 d6 2. d4 Nf6 3. Nc3 g6 4. Nf3 Bg7 5. Be2 c6 6. O-O O-O 7. a4 Nbd7 8. Be3
Ng4 9. Bg5 h6 10. Bh4 Re8 11. Nd2 Ngf6 12. a5 e5 13. dxe5 dxe5 14. Nc4 Qe7 15.
Qd6 Nc5 16. f3 Qxd6 17. Nxd6 Rd8 18. Rfd1 Ne6 19. Bc4 g5 20. Bf2 Bf8 21. Nxc8
Rdxc8 22. Bxe6 fxe6 23. Bg3 Bc5+ 24. Kf1 Rf8 25. Ke1 Bd4 26. Ne2 Rad8 27. c3 Be3
28. Bxe5 Nh5 29. g4 Ng7 30. Rxd8 Rxd8 31. Bd4 Bxd4 32. cxd4 e5 33. dxe5 Kf7 34.
Rd1 Rxd1+ 35. Kxd1 Ke6 36. Nd4+ Kxe5 37. a6 bxa6 38. Nxc6+ Kf4 39. Nd4 a5 40.
Ke2 a4 41. Kf2 a6 42. Ke2 Ke5 43. Ke3 Ne8 44. Nf5 Nc7 45. Nxh6 Nb5 46. Nf7+ Kf6
47. Nd8 Ke5 48. Nc6+ Kd6 49. Nd4 Kc5 50. Nxb5 axb5 51. Kd3 b4 52. h3 Kb5 53. Kd4
b3 54. Kc3 Kc5 55. e5 Kd5 56. Kb4 Kxe5 57. Kxa4 Kf4 58. Kxb3 Kxf3 59. Kc4 Kg3
60. b4 Kxh3 61. b5 Kxg4 62. b6 Kh3 63. b7 g4 64. b8=Q 1-0

[Event "PRO League Group Stage"]
[Site "chess.com INT"]
[Date "2020.01.08"]
[Round "1"]
[White "Gledura, Benjamin"]
[Black "Sargsyan, Shant"]
[Result "0-1"]
[WhiteTitle "GM"]
[BlackTitle "GM"]
[WhiteElo "2626"]
[BlackElo "2601"]
[WhiteTeam "Hungary Hunters"]
[BlackTeam "Armenia Eagles"]
[WhiteFideId "712779"]
[BlackFideId "13306766"]
[EventDate "2020.01.06"]

1. Nf3 d5 2. e3 Nf6 3. c4 e6 4. b3 b6 5. Bb2 Bb7 6. Qc2 Nbd7 7. Nc3 a6 8. cxd5
exd5 9. d4 Bd6 10. g3 O-O 11. Bg2 Re8 12. O-O Rc8 13. Rfd1 Qe7 14. Rac1 Ne4 15.
Bh3 Nxc3 16. Bxc3 Rcd8 17. b4 b5 18. Ne5 Nb6 19. Nd3 Nc4 20. Nc5 c6 21. Bg2 Bc8
22. e4 Qg5 23. Re1 Qh5 24. e5 Bxc5 25. bxc5 Bf5 26. Qd1 Qxd1 27. Rexd1 a5 28.
Bf1 b4 29. Be1 Rb8 30. Bxc4 dxc4 31. Rxc4 Be6 32. Rc2 b3 33. Rb2 bxa2 34. Rb6
Rxb6 35. cxb6 Bd5 36. Ra1 Ra8 37. Kf1 Bc4+ 38. Kg2 Ra6 39. Kf3 Rxb6 40. Bxa5 Rb1
41. Bc3 Rb3 0-1

[Event "PRO League Group Stage"]
[Site "chess.com INT"]
[Date "2020.01.08"]
[Round "1"]
[White "Andriasian, Zaven"]
[Black "Prohaszka, Peter2"]
[Result "1-0"]
[WhiteTitle "GM"]
[BlackTitle "GM"]
[WhiteElo "2611"]
[BlackElo "2587"]
[WhiteTeam "Armenia Eagles"]
[BlackTeam "Hungary Hunters"]
[WhiteFideId "13302000"]
[BlackFideId "726265"]
[EventDate "2020.01.06"]

1. Nf3 d5 2. g3 Bg4 3. Bg2 c6 4. O-O e6 5. d4 Nd7 6. Nbd2 Ngf6 7. h3 Bh5 8. Re1
Be7 9. c3 O-O 10. e4 h6 11. e5 Nh7 12. Nf1 Re8 13. Bf4 Nhf8 14. Qd2 Bg6 15. g4
c5 16. Ng3 cxd4 17. Nxd4 Nc5 18. Bf1 a6 19. Be3 Rc8 20. f4 Bh4 21. Bf2 Ne4 22.
Nxe4 Bxe4 23. Bg2 Bxg2 24. Kxg2 Ng6 25. Rf1 f6 26. exf6 Qxf6 27. Bxh4 Nxh4+ 28.
Kg3 Ng6 29. Rae1 Re7 30. f5 exf5 31. Nxf5 Kh8 32. Nxe7 Qd6+ 33. Kg2 Nxe7 34. Qf4
Qc5 35. Qe3 Qxe3 36. Rxe3 Nc6 37. Rf7 b5 38. Rd7 d4 39. cxd4 Nb4 40. Rc3 Re8 41.
a3 Na2 42. Rc2 b4 43. d5 b3 44. Rd2 Nc1 45. d6 Ne2 46. Re7 Nf4+ 47. Kg3 Rf8 48.
d7 1-0

[Event "PRO League Group Stage"]
[Site "chess.com INT"]
[Date "2020.01.08"]
[Round "1"]
[White "Martirosyan, Haik M."]
[Black "Antal, Gergely"]
[Result "1-0"]
[WhiteTitle "GM"]
[BlackTitle "GM"]
[WhiteElo "2613"]
[BlackElo "2563"]
[WhiteTeam "Armenia Eagles"]
[BlackTeam "Hungary Hunters"]
[WhiteFideId "13306553"]
[BlackFideId "717312"]
[EventDate "2020.01.06"]

1. d4 Nf6 2. Nf3 g6 3. Nc3 d5 4. Bf4 Bg7 5. Nb5 Na6 6. e3 c6 7. Nc3 Nc7 8. Be2
O-O 9. h4 Ne6 10. Be5 Ne4 11. Bxg7 Nxg7 12. Nxe4 dxe4 13. Nd2 f5 14. c3 Be6 15.
h5 Ne8 16. g4 Nd6 17. hxg6 hxg6 18. gxf5 Bxf5 19. Qb3+ Kg7 20. O-O-O Qb6 21. Qa3
Rh8 22. c4 Qc7 23. Qc3 Ne8 24. Rdg1 Nf6 25. Nf1 Rxh1 26. Rxh1 Rh8 27. Rxh8 Kxh8
28. Ng3 Kg7 29. Qa3 b6 30. Kd2 a5 31. Ke1 c5 32. Qc3 Qd6 33. Bd1 Kf8 34. a3 Kg8
35. Kf1 Kf8 36. Kg1 Kg8 37. Be2 Kf8 38. Bf1 Kf7 39. Bg2 Kf8 40. d5 Kf7 41. Qb3
Kg8 42. Qb5 Kg7 43. Qa6 Kf7 44. Qb7 Kg7 45. Kf1 Kf7 46. Ke1 Kg7 47. Kd2 Kf7 48.
Kc1 Kg7 49. Kb1 Kf7 50. Ka2 Kg7 51. Bf1 Ng4 52. Nh1 Ne5 53. Be2 Nd3 54. Ng3 Nxf2
55. Nxf5+ gxf5 56. Qc8 Nd3 57. Bxd3 exd3 58. Qxf5 d2 59. Qd3 Qh2 60. Kb3 Qf2 61.
Kc3 Qf6+ 62. Kc2 Qe5 63. Qxd2 Qe4+ 64. Qd3 Qg2+ 65. Qd2 Qe4+ 66. Qd3 Qg2+ 67.
Kb3 Kf7 68. e4 Ke8 69. e5 Kd7 70. Ka2 a4 71. Qd1 b5 72. cxb5 Qe4 73. e6+ Kd6 74.
Ka1 Qc4 75. b6 Qb5 76. b7 Qxb7 77. Qxa4 Qxd5 78. Qd7+ Ke5 79. a4 Qxe6 80. Qb5
Qd5 81. a5 Qd1+ 82. Ka2 Qd5+ 83. Ka3 Qd3+ 84. Qxd3 1-0

[Event "PRO League Group Stage"]
[Site "chess.com INT"]
[Date "2020.01.08"]
[Round "1"]
[White "Le, Tuan Minh"]
[Black "Aravindh, Chithambaram VR."]
[Result "1-0"]
[WhiteTitle "IM"]
[BlackTitle "GM"]
[WhiteElo "2501"]
[BlackElo "2630"]
[WhiteTeam "Croatia Bulldogs"]
[BlackTeam "India Yogis"]
[WhiteFideId "12401153"]
[BlackFideId "5072786"]
[EventDate "2020.01.06"]

1. d4 Nf6 2. Nf3 g6 3. Bg5 Bg7 4. Nbd2 d5 5. c3 O-O 6. e3 Nbd7 7. Bd3 Re8 8. O-O
e5 9. e4 exd4 10. cxd4 dxe4 11. Nxe4 h6 12. Qb3 b5 13. Rae1 Bb7 14. Nxf6+ Nxf6
15. Rxe8+ Qxe8 16. Bxf6 Bxf6 17. Re1 Qd8 18. Bxb5 Bd5 19. Qd3 c6 20. Bc4 Rb8 21.
b3 Kg7 22. h3 Bxf3 23. Qxf3 Qxd4 24. Rd1 Qb2 25. Rd7 Rf8 26. g3 Qxa2 27. Qxc6
Qb1+ 28. Kg2 Qf5 29. Qb7 Be5 30. Qd5 Qf6 31. Qe4 a5 32. Rd5 Bc3 33. Rd3 Be5 34.
Qb7 Bd4 35. Rf3 Qb6 36. Rxf7+ 1-0

[Event "PRO League Group Stage"]
[Site "chess.com INT"]
[Date "2020.01.08"]
[Round "1"]
[White "Livaic, Leon"]
[Black "Praggnanandhaa, R"]
[Result "1/2-1/2"]
[WhiteTitle "IM"]
[BlackTitle "GM"]
[WhiteElo "2495"]
[BlackElo "2602"]
[WhiteTeam "Croatia Bulldogs"]
[BlackTeam "India Yogis"]
[WhiteFideId "14531534"]
[BlackFideId "25059530"]
[EventDate "2020.01.06"]

1. d4 Nf6 2. c4 e6 3. Nf3 d5 4. Nc3 dxc4 5. e4 Bb4 6. Bg5 b5 7. a4 c5 8. axb5
cxd4 9. Nxd4 h6 10. Bxf6 Qxf6 11. Bxc4 O-O 12. Qb3 Bc5 13. Nf3 Nd7 14. O-O Bb7
15. Rad1 Rfd8 16. Na4 Bf8 17. Qe3 Nb6 18. b3 Rac8 19. Nxb6 axb6 20. e5 Qg6 21.
Bd3 Qg4 22. h3 Qb4 23. Bc4 Qc5 24. Nd4 Ra8 25. Rd2 Rd7 26. Rfd1 Rad8 27. Rd3 g6
28. Kh2 Bg7 29. f4 Kh7 30. Nc2 Qxe3 31. Nxe3 Rxd3 32. Rxd3 Rxd3 33. Bxd3 Bf8 34.
Nc4 Bc5 35. Kg3 Kg7 36. Be2 Bd5 37. Bf3 Bxc4 38. bxc4 Kf8 39. Bc6 Kg7 40. Kf3
Kf8 41. g4 Kg7 42. Ke4 Kf8 43. f5 gxf5+ 44. gxf5 exf5+ 45. Kxf5 Kg7 1/2-1/2